00286nam a22001217a 4500003000400000082001800004100001600022245004000038260004400078300000800122650001700130653001700147SGT a617.643bO21S aSingh, Suri aOrthodontics in Adults Diagnosis... aGurugram, HaryanabSGT Universityc2021 a160 aOrthodontics aOrthodontics